000 00485nam a2200181Ia 4500
008 240925s9999 xx 000 0 und d
020 _a9812144471
082 _a005.133 VAN
100 _aVanhelsuwe, Laurence
245 0 _aMastering Java
250 _a1st
260 _aNew York:
_bTeach Publication
_c,1996.
300 _ax,796p.
_bNA
_fOriginal
500 _aIncludes Index
600 _aComputer Science
650 _aComputer science, information & general works
942 _cBK
999 _c4200
_d4200